000 00670nam a22002417a 4500
003 UA-OsUOA
001 58872
007 ta
008 20090302b un ||||| |||| 00| 0 ukr d
100 _aАгапова Т. А.
090 _a330.101.541
_bА23
942 _cBK
040 _aUA-OsUOA
_brus
_cUA-OsUOA
_dUA-OsUOA
245 _aМакроэкономика для преподавателей
_bУчебно-методическое пособие
300 _a126 с.
955 _a2
041 _arus
080 _a330.101.541
260 _aМ.
_c2003
250 _nВипуск 1
650 7 _a330 Економіка взагалі
_2UDC
999 _c344957
_d344957